00376nam a2200181Ia 4500003000900000008004100009040001300050040001300063041000800076100001800084245003100102250001100133260001400144260000900158300001100167300001000178490000600188IT-RoPAU120407s9999 xx 000 0 und d aIT-RoPAU cIT-RoPAU aita aEzia Storelli aLa donna nel mondo (lusso) aNapoli aDehoniane c1976 a350 p. c33 cm v1